000 00769nam a2200241 a 4500
999 _c12068
_d12068
001 12068
003 BD-JhCC
005 20210310132352.0
008 200329s20122019b |||| ||a| 000 0 ben d
020 _a9789848044728
035 _a(BD-JhCC)12067
040 _aBD-JhCC
_dBD-JhCC
041 _abengali
082 _a923.1
_bAKB 2019
100 _aআকবর,মফিদা
245 _aছোটদের খোকা থেকে বঙ্গবন্ধু /
_cমফিদা আকবর ।
260 _aঢাকা:
_bবিশ্বসাহিত্য ভবন;
_c২০১৯.
300 _a১০২ পৃ. :
_c২০ সেমি.
600 _aRahaman, shekh Mojibur
650 _aBiography
942 _2ddc
_cBK